000 00760nam a2200241 i 4500
001 61372
003 ES-MaACL
005 20230906164438.0
007 t|
008 031111s1958 sp ||||1| spa d
100 1 _aEvely, Louis.
_948385
245 1 0 _aNuestro Padre en la base de nuestra fraternidad /
_cLuis Evely ; [traducción de M.M. Muñoz Jiménez Millas].
260 _aMadrid :
_bAtenas,
_c[1958] (
_fJosé Luis Cosano)
300 _a166 p. ;
_c20 cm.
490 1 _aAscesis
490 1 _aColección "Ascessis"
630 0 4 _aPadrenuestro.
_9167056
700 1 _aMuñoz Jiménez-Millás, M. M.
_984439
830 0 _aAscesis
_9182283
830 0 _aColección "Ascessis"
_9230594
852 _aES-MaACL
_jC-14837
_bR.42771
999 _c61372
_d61372